000 01308nam0a2200337 4500
001 RU\NLR\bibl\2012514
005 20260405175430.0
010 _a978-5-9955-0484-9
_97000
021 _aRU
_b2012-93488
_983д/13
035 _a(NLR Aleph) 002001009
090 _a4359121
_c4359121
100 _a20130318d2012 |||y0rusy50 ca
101 1 _arus
_cund
102 _aRU
105 _aa |||||||||
200 1 _aЖизнь, рассказанная ею самой
_e[вулкан под снегом
_eперевод]
_fГрейс Келли
210 _aМосква
_cЯуза-пресс
_d2012
215 _a284, [2] с., [12] л. ил., портр.
_cил.
_d22
225 1 _aУникальная автобиография женщины-эпохи
517 0 _aВулкан под снегом
600 1 _aКелли
_bГ.П.
_f1929 - 1982
_gГрейс Патриция
_xАвтобиография
_92142057
_3RU\NLR\auth\661595493
686 _aЩ374.3(7США)7-86Келли
700 1 _4070
_8rus
_7ca
_aКелли
_bГ.
_f1929-1982
_gГрейс
_3RU\NLR\AUTH\7776506
_959434
801 0 _aRU
_bNLR
_c20130318
_gRCR
801 1 _aRU
_bNLR
_c20130318
830 _aавт. по кн.
942 _cBOOK
980 _aNBR
980 _aNB